Online
Catalog

José Manuel de Vadillo y la independencia de América / (Record no. 20612)

MARC details
000 -CABECERA
campo de control de longitud fija 00824nam a2200205 a 4500
001 - NÚMERO DE CONTROL
campo de control 000021110
005 - FECHA Y HORA DE LA ÚLTIMA TRANSACCIÓN
campo de control 20200930011234.0
008 - DATOS DE LONGITUD FIJA--INFORMACIÓN GENERAL
campo de control de longitud fija 100831s2006 es 001 0 spa d
020 ## - NÚMERO INTERNACIONAL ESTÁNDAR DEL LIBRO
Número Internacional Estándar del Libro 848479072X
040 ## - FUENTE DE LA CATALOGACIÓN
Centro catalogador/agencia de origen DO-SdBNP
Lengua de catalogación spa
Centro/agencia transcriptor BNPHU
082 ## - NÚMERO DE LA CLASIFICACIÓN DECIMAL DEWEY
Número de clasificación xxxx
Número de documento/Ítem V124J
049 ## - FONDOS LOCALES (OCLC)
Fondos de biblioteca BNPD
100 1# - ENTRADA PRINCIPAL--NOMBRE DE PERSONA
Nombre de persona Vadillo, José Manuel de
9 (RLIN) 44139
245 10 - MENCIÓN DE TÍTULO
Título José Manuel de Vadillo y la independencia de América /
Mención de responsabilidad, etc. José Manuel Vadillo ;coordinació Luis Miguel García Mora; introduccíon, transcrisión y notas Alberto Gil Novales ; traducción Miguel Ferreitas de Costa.
260 ## - PUBLICACIÓN, DISTRIBUCIÓN, ETC.
Lugar de publicación, distribución, etc. Madrid :
Nombre del editor, distribuidor, etc. Fudación MAPFRE
-- Secretaría de Cooperación Iberoamericana,
Fecha de publicación, distribución, etc. 2006.
300 ## - DESCRIPCIÓN FÍSICA
Extensión 676 p. ;
Dimensiones 21 cm.
700 1# - PUNTO DE ACCESO ADICIONAL--NOMBRE DE PERSONA
Nombre de persona García Mora, Luis Miguel
9 (RLIN) 44140
700 1# - PUNTO DE ACCESO ADICIONAL--NOMBRE DE PERSONA
Nombre de persona Gil Novales, Alberto
9 (RLIN) 44141
700 1# - PUNTO DE ACCESO ADICIONAL--NOMBRE DE PERSONA
Nombre de persona Ferreitas de Costa, Miguel
9 (RLIN) 44142
Holdings
Estado de retiro Estado de pérdida Restricciones de uso No para préstamo Código de colección Localización permanente Ubicación/localización actual Ubicación en estantería Fecha de adquisición Número de inventario Total de préstamos Signatura topográfica completa Código de barras Fecha visto por última vez Precio válido a partir de Tipo de ítem Koha
        Monografías: Libros y Folletos General General Orden iniciada 31.08.2010 LF1   xxxx V124J 21110-10 25.06.2020 25.06.2020 No se presta

Powered by Koha